| 000 | 01095nam a22003377a 4500 | ||
|---|---|---|---|
| 001 | 0031189 | ||
| 003 | KOHA_MİRAKIL | ||
| 005 | 20260207002753.0 | ||
| 007 | ta | ||
| 008 | 110812b2010 tu a|||gr||||#||||0|tur | | ||
| 020 | _a9789754048704 | ||
| 040 |
_aTR-BiSEU _btur _cTR-BiSEU _erda |
||
| 041 | 0 | _atur | |
| 044 | _ctu | ||
| 050 |
_aQA278 _b.O74 2010 |
||
| 100 | 1 | _aOrhunbilge, Neyran. | |
| 245 | 1 |
_aÇok değişkenli istatistik yöntemler/ _cNeyran Orhunbilge ; Neyran Orhunbilge. |
|
| 264 | 1 |
_aİstanbul : _bİstanbul Üniversitesi _c2010 |
|
| 300 |
_aIX , 613 sayfa : _bgrf., tbl. ; _c24 cm. |
||
| 336 |
_ametin _btxt _2rdacontent |
||
| 337 |
_aaracısız _bn _2rdamedia |
||
| 338 |
_acilt _bnc _2rdacarrier |
||
| 490 | 1 |
_aİstanbul Üniversitesi Yayın No ; _v4942. |
|
| 490 | 1 |
_aİşletme Fakültesi Yayın No ; _v286. |
|
| 500 | _aKaynakça var. | ||
| 650 | 0 |
_aÇok değişkenli analiz. _91946 |
|
| 650 | 0 |
_aİstatistik. _91712 |
|
| 830 | 1 |
_aİstanbul Üniversitesi Yayın No ; _v4942. _92226 |
|
| 830 | 1 |
_aİşletme Fakültesi Yayın No ; _v286. _920029 |
|
| 942 |
_2lcc _cBK |
||
| 999 |
_c31105 _d31105 |
||